000
00294 a2200133 4500
001
64412
082
_a
658.848 CAT
090
_c
38040
_d
38040
100
_a
Cateora P.R
245
_a
International Marketing
250
_a
9th Edition
260
_a
Chicago
_b
Irwin
_c
1996
300
_a
772p
942
_a
NUST-CAE
_k
658.848 CAT
999
_c
299485
_d
299485